| 000 | 00900nam a2200217 a 4500 | ||
|---|---|---|---|
| 001 | 000015694 | ||
| 005 | 20251204073702.0 | ||
| 008 | 100217s1940 dr c 000 0 spa d | ||
| 040 |
_aDO-SdBNP _bspa _cBNPHU |
||
| 082 |
_a351.7293 _bP953c |
||
| 111 | 2 |
_aCongreso de procuradores en la República Dominicana _n(1a : _d1940 ago. 16-17 : _cCiudad Trujillo, República Dominicana) _935365 |
|
| 245 | 1 | 0 | _aPrimer decenio de la era de Trujillo 1930-1940. |
| 246 | 1 | 3 | _aHistoria judicial del primer decenio de la era de Trujillo 1930-1940. |
| 250 | _aed. oficial | ||
| 260 |
_aCiudad Trujillo, República Dominicana : _bLa Unión, _c1940. |
||
| 300 |
_a184 p. : _bretrs. ; _c24 cm. |
||
| 650 | 4 |
_aDerecho _xCongresos,conferencias,etc. _935366 |
|
| 650 | 0 |
_aAdministración de justicia _910083 |
|
| 710 | 1 |
_aRepública Dominicana. _bProcuraduria General de la República _932241 |
|
| 999 |
_a1 _n0000182 _c15246 _d15246 |
||
| 049 | _aBNPD | ||